[Event "Quebec op U2000"]
[Site "Montreal CAN"]
[Date "2016.07.23"]
[Round "1.37"]
[White "Weston, Paul"]
[Black "Desmarais, Serge"]
[Result "1/2-1/2"]
[WhiteElo "1893"]
[BlackElo "1743"]
[PlyCount "131"]
[EventDate "2016.07.23"]
[EventType "swiss"]
[EventRounds "8"]
[EventCountry "CAN"]

1. d4 d5 2. Nf3 Nf6 3. e3 Bg4 4. Bd3 e6 5. Nbd2 c5 6. c3 Nbd7 7. O-O Rc8 8. Qa4
Bxf3 9. Nxf3 a6 10. Re1 Be7 11. dxc5 Rxc5 12. Bd2 O-O 13. b4 Rc8 14. Nd4 Ne5
15. Bf1 Ne4 16. Nb3 Nxd2 17. Nxd2 Rxc3 18. b5 Qc7 19. bxa6 Ra8 20. Rab1 bxa6
21. Rb3 g6 22. Reb1 Rxb3 23. Qxb3 a5 24. Qb7 Qxb7 25. Rxb7 Bb4 26. Nb3 Nc4 27.
g3 Nb2 28. Kg2 Nd1 29. Kf3 Nc3 30. Nc1 Rc8 31. Bd3 Ba3 32. Nb3 a4 33. Nd2 Nxa2
34. Ra7 Nc3 35. Nb1 Nxb1 36. Bxb1 Rc4 37. Bd3 Rb4 38. Bc2 Rb2 39. Bxa4 Bc5 40.
Rc7 Bd6 41. Rc2 Rb4 42. Bd7 Rb8 43. Rc8+ Rxc8 44. Bxc8 Kf8 45. Ke2 Ke7 46. Kd3
Bc5 47. f3 Kd6 48. g4 Ke5 49. Bb7 Kf6 50. h4 h5 51. gxh5 gxh5 52. Bc6 Bd6 53.
f4 Kf5 54. Be8 Kg6 55. Ke2 Be7 56. Kf3 Bxh4 57. Bb5 Be7 58. Bf1 f6 59. Bd3+ Kh6
60. Bb5 e5 61. fxe5 fxe5 62. Bc6 d4 63. exd4 exd4 64. Bb5 Kg5 65. Kg2 Kf4 66.
Kh1 1/2-1/2

[Event "Quebec op U2000"]
[Site "Montreal CAN"]
[Date "2016.07.23"]
[Round "1.38"]
[White "Armstrong, Robert J"]
[Black "Filiatrault, Marc"]
[Result "0-1"]
[WhiteElo "1735"]
[BlackElo "1871"]
[PlyCount "94"]
[EventDate "2016.07.23"]
[EventType "swiss"]
[EventRounds "8"]
[EventCountry "CAN"]

1. d4 Nf6 2. c4 e6 3. Nf3 b6 4. Bg5 Bb7 5. a3 Be7 6. Nc3 O-O 7. Bxf6 Bxf6 8. e4
d6 9. Bd3 Nd7 10. O-O c5 11. Nb5 Qe7 12. Bc2 a6 13. Nc3 cxd4 14. Nxd4 Rac8 15.
f4 g6 16. Rf3 Rxc4 17. Nde2 Rd8 18. Qd3 Rc7 19. b4 Bg7 20. Rh3 Rdc8 21. Qd2 Nf6
22. Rf1 b5 23. f5 exf5 24. exf5 d5 25. fxg6 hxg6 26. Nf4 Ne4 27. Qe2 Rxc3 28.
Rxc3 Rxc3 29. Rd1 d4 30. Bb1 Re3 31. Qg4 Qg5 32. Qxg5 Nxg5 33. Bd3 Be4 34. Bxe4
Nxe4 35. Nd3 f5 36. Nf2 Rxa3 37. Re1 Re3 38. Rc1 Nc3 39. Ra1 Re6 40. Nd3 Ne4
41. Rc1 Kf7 42. Rc7+ Kf6 43. Nf4 Rd6 44. Nd3 Bh6 45. Kf1 Re6 46. Nc5 Nxc5 47.
bxc5 d3 0-1

[Event "Quebec op U2000"]
[Site "Montreal CAN"]
[Date "2016.07.23"]
[Round "1.40"]
[White "Martel, Paul"]
[Black "Pare, Marc"]
[Result "0-1"]
[WhiteElo "1714"]
[BlackElo "1867"]
[PlyCount "58"]
[EventDate "2016.07.23"]
[EventType "swiss"]
[EventRounds "8"]
[EventCountry "CAN"]

1. e4 d5 2. exd5 Nf6 3. Nf3 Nxd5 4. Nc3 c5 5. Nxd5 Qxd5 6. b3 Nc6 7. Bb2 Bg4 8.
Be2 O-O-O 9. d3 f6 10. O-O e5 11. h3 Be6 12. Nd2 Be7 13. Bf3 Qd7 14. Re1 g5 15.
a3 Kb8 16. Nc4 h5 17. Bxc6 bxc6 18. Nxe5 fxe5 19. Bxe5+ Bd6 20. Bxh8 Rxh8 21.
Qf3 Bd5 22. Qf6 Rf8 23. Qg6 g4 24. Qxh5 gxh3 25. Qxh3 Qg7 26. Kf1 Rh8 27. Qe3
Qxg2+ 28. Ke2 Qg4+ 29. f3 Rh2+ 0-1

[Event "Quebec op U2000"]
[Site "Montreal CAN"]
[Date "2016.07.23"]
[Round "1.41"]
[White "Sarra-Bournet, Marc"]
[Black "O'Neill, Brendon"]
[Result "0-1"]
[WhiteElo "1866"]
[BlackElo "1699"]
[PlyCount "64"]
[EventDate "2016.07.23"]
[EventType "swiss"]
[EventRounds "8"]
[EventCountry "CAN"]

1. e4 c5 2. Nc3 d6 3. f4 Nc6 4. Nf3 a6 5. a4 Bg4 6. Bc4 e6 7. h3 Bxf3 8. Qxf3
Nd4 9. Qd3 Qh4+ 10. g3 Qh5 11. Kf2 Nf6 12. Kg2 Be7 13. Rf1 Rd8 14. Ba2 g5 15.
f5 Nd7 16. g4 Qh6 17. Nd1 Ne5 18. Qc3 Ne2 19. Qb3 Nf4+ 20. Rxf4 gxf4 21. Nf2
f3+ 22. Kf1 Qf4 23. d4 Qg3 24. Qe3 Qg2+ 25. Ke1 Qg1+ 26. Kd2 Bg5 27. fxe6 Bxe3+
28. Kxe3 cxd4+ 29. Kxd4 Qxf2+ 30. Be3 Nc6+ 31. Kd5 Qxe3 32. exf7+ Kxf7 0-1

[Event "Quebec op U2000"]
[Site "Montreal CAN"]
[Date "2016.07.23"]
[Round "1.42"]
[White "Moore, Ronald"]
[Black "Ivakhin, Mikhail"]
[Result "0-1"]
[WhiteElo "1684"]
[BlackElo "1853"]
[PlyCount "74"]
[EventDate "2016.07.23"]
[EventType "swiss"]
[EventRounds "8"]
[EventCountry "CAN"]

1. d4 d5 2. Bf4 e6 3. e3 f5 4. h3 Bd6 5. g4 Bxf4 6. exf4 Qd6 7. Qd2 Nf6 8. Nf3
Ne4 9. Qc1 Nd7 10. Ne5 Nxe5 11. fxe5 Qb6 12. c3 c5 13. dxc5 Qxc5 14. Qc2 fxg4
15. hxg4 Bd7 16. Bg2 Rf8 17. Bxe4 dxe4 18. Rxh7 Qxe5 19. Nd2 e3 20. Qg6+ Kd8
21. Nc4 exf2+ 22. Kf1 Qd5 23. b3 Bb5 24. Qc2 Bxc4+ 25. bxc4 Qxc4+ 26. Qe2 Qc6
27. Rd1+ Ke8 28. g5 Rc8 29. Qh5+ Rf7 30. Rh8+ Ke7 31. Rxc8 Qxc8 32. Qe2 Qc6 33.
Qh5 Qc4+ 34. Qe2 Qxe2+ 35. Kxe2 f1=Q+ 36. Rxf1 Rxf1 37. Kxf1 Kf7 0-1

[Event "Quebec op U2000"]
[Site "Montreal CAN"]
[Date "2016.07.23"]
[Round "1.43"]
[White "Langlois-Remillard, Alexis"]
[Black "Lamoureux, Yvon"]
[Result "1-0"]
[WhiteElo "1850"]
[BlackElo "1663"]
[PlyCount "55"]
[EventDate "2016.07.23"]
[EventType "swiss"]
[EventRounds "8"]
[EventCountry "CAN"]

1. b3 e5 2. Bb2 Nc6 3. e3 d5 4. Bb5 Bd6 5. f4 Qe7 6. Nf3 f6 7. Bxc6+ bxc6 8.
fxe5 fxe5 9. Nxe5 Bxe5 10. Qh5+ Kd8 11. Qxe5 Nf6 12. Qxe7+ Kxe7 13. O-O Ba6 14.
d3 Rhg8 15. Nd2 Rae8 16. Rf3 Kd7 17. Bxf6 gxf6 18. e4 Rg6 19. c4 Kd6 20. Raf1
Re6 21. Rf5 Bb7 22. b4 Ke7 23. g3 Rg5 24. R5f4 Ba6 25. Nf3 Rg6 26. Nd4 dxc4 27.
Nxe6 Kxe6 28. d4 1-0

[Event "Quebec op U2000"]
[Site "Montreal CAN"]
[Date "2016.07.23"]
[Round "1.44"]
[White "Piche, Guy"]
[Black "Petit, Raymond"]
[Result "1-0"]
[WhiteElo "1649"]
[BlackElo "1848"]
[PlyCount "109"]
[EventDate "2016.07.23"]
[EventType "swiss"]
[EventRounds "8"]
[EventCountry "CAN"]

1. f4 d5 2. e3 c5 3. Nf3 Nc6 4. Bb5 a6 5. Bxc6+ bxc6 6. Ne5 Bd7 7. d3 Nf6 8.
O-O g6 9. Nd2 Bg7 10. Nb3 Qb6 11. Bd2 O-O 12. g4 Be8 13. Ba5 Qa7 14. Bc3 Rc8
15. Qf3 Nd7 16. Nxd7 Bxd7 17. Bxg7 Kxg7 18. Kg2 a5 19. h4 a4 20. Nd2 Rb8 21. b3
f6 22. e4 Rb6 23. exd5 cxd5 24. Kg3 Bc6 25. Rfe1 Rb7 26. Re6 Rc7 27. c4 Qb7 28.
Qe2 Rf7 29. Rb1 Qa8 30. b4 cxb4 31. Rxb4 Qa5 32. a3 Qc5 33. Nf3 dxc4 34. Rxc4
Qd5 35. Nd4 Ba8 36. Rxc7 Qxd4 37. Qe3 Qb2 38. Qe2 Qd4 39. Rc1 Bd5 40. Rxe7 Rxe7
41. Qxe7+ Bf7 42. Rd1 Kg8 43. Qe4 Qd7 44. Qa8+ Kg7 45. Qe4 Be6 46. Re1 Kf7 47.
g5 Bf5 48. Qc4+ Be6 49. Qc3 fxg5 50. fxg5 Qd6+ 51. Re5 Bf5 52. d4 Qb6 53. Qb4
Qc7 54. Qc5 Qb7 55. Qd5+ 1-0

[Event "Quebec op U2000"]
[Site "Montreal CAN"]
[Date "2016.07.23"]
[Round "1.45"]
[White "Brassard, Sylvain"]
[Black "Dubreuil, Raymond"]
[Result "1-0"]
[WhiteElo "1842"]
[BlackElo "1637"]
[PlyCount "85"]
[EventDate "2016.07.23"]
[EventType "swiss"]
[EventRounds "8"]
[EventCountry "CAN"]

1. d4 Nf6 2. Bg5 g6 3. Bxf6 exf6 4. e3 Bg7 5. g3 O-O 6. Bg2 d5 7. Ne2 c5 8. O-O
cxd4 9. Nxd4 Nc6 10. c3 a6 11. Qb3 Ne7 12. Rd1 b5 13. Na3 Bb7 14. Ne2 Qd7 15.
Rd2 Rad8 16. Nf4 f5 17. Nxd5 Nxd5 18. Rad1 Qc6 19. Bxd5 Qc7 20. Bxf7+ Kh8 21.
Bd5 Bf6 22. Bxb7 Rxd2 23. Rxd2 Qxb7 24. Qe6 Qf7 25. Qxf7 Rxf7 26. Rd6 b4 27.
cxb4 Bxb2 28. Rxa6 Rb7 29. Nc2 Rc7 30. Nd4 Rc1+ 31. Kg2 Rc3 32. b5 Rc8 33. a4
Rb8 34. Nc6 Rb7 35. Ra8+ Kg7 36. Ra7 Rxa7 37. Nxa7 Bc3 38. b6 Ba5 39. b7 Bc7
40. Nc6 Kf6 41. a5 Ke6 42. a6 Kd6 43. a7 1-0

[Event "Quebec op U2000"]
[Site "Montreal CAN"]
[Date "2016.07.23"]
[Round "1.46"]
[White "Marcone, Malcom"]
[Black "Mathews, Theo"]
[Result "1-0"]
[WhiteElo "1806"]
[BlackElo "1588"]
[PlyCount "77"]
[EventDate "2016.07.23"]
[EventType "swiss"]
[EventRounds "8"]
[EventCountry "CAN"]

1. d4 d5 2. c4 e6 3. Nf3 f5 4. Bf4 Nf6 5. e3 c6 6. a3 Bd6 7. Bxd6 Qxd6 8. c5
Qc7 9. Nc3 O-O 10. Be2 Nbd7 11. Ng5 Re8 12. f4 b6 13. b4 bxc5 14. bxc5 Qa5 15.
Qd2 Rb8 16. Nd1 Qxd2+ 17. Kxd2 h6 18. Nh3 Ne4+ 19. Kc2 Ndf6 20. Nhf2 Bd7 21.
Nxe4 Nxe4 22. Nc3 Nf6 23. Rab1 Red8 24. Rb4 Rxb4 25. axb4 Rb8 26. Ra1 Rxb4 27.
Rxa7 Kf8 28. Ra6 Ke7 29. Rb6 Rxb6 30. cxb6 Bc8 31. Na4 Nd7 32. Kc3 Kd6 33. Kb4
g5 34. fxg5 hxg5 35. Ka5 Nb8 36. Nc5 e5 37. b7 Bd7 38. Na6 Nxa6 39. Kxa6 1-0

[Event "Quebec op U2000"]
[Site "Montreal CAN"]
[Date "2016.07.23"]
[Round "1.47"]
[White "Guan, Zi Yu"]
[Black "Mangahas, Ronald"]
[Result "0-1"]
[WhiteElo "1637"]
[BlackElo "1840"]
[PlyCount "82"]
[EventDate "2016.07.23"]
[EventType "swiss"]
[EventRounds "8"]
[EventCountry "CAN"]

1. e4 c5 2. Nf3 d6 3. d4 cxd4 4. Nxd4 Nf6 5. Nc3 a6 6. Be2 e5 7. Nb3 Be7 8. Be3
Qc7 9. Qd2 b5 10. a3 Bb7 11. f3 Nbd7 12. O-O Rc8 13. Rac1 O-O 14. Bd3 Nb6 15.
Bxb6 Qxb6+ 16. Rf2 h6 17. g3 d5 18. exd5 Nxd5 19. Nxd5 Bxd5 20. Bh7+ Kxh7 21.
Qxd5 Kg8 22. Kg2 Rfd8 23. Qe4 Rc4 24. Qe2 Bf6 25. Nd2 Rcd4 26. Ne4 Be7 27. c3
R4d5 28. Rff1 f5 29. Nf2 Rd2 30. Qxe5 Bc5 31. Qe1 Rxb2 32. Rb1 Rdd2 33. Rxb2
Rxb2 34. Qa1 Re2 35. a4 Bxf2 36. Qd1 Qe3 37. Qd5+ Kf8 38. Qxf5+ Ke7 39. Rd1
Bg1+ 40. Kh3 Rxh2+ 41. Kg4 h5+ 0-1

[Event "Quebec op U2000"]
[Site "Montreal CAN"]
[Date "2016.07.23"]
[Round "1.49"]
[White "Brunet, Guy"]
[Black "Liu, Yu Qing"]
[Result "0-1"]
[WhiteElo "1625"]
[BlackElo "1821"]
[PlyCount "82"]
[EventDate "2016.07.23"]
[EventType "swiss"]
[EventRounds "8"]
[EventCountry "CAN"]

1. d4 d5 2. Nf3 Bf5 3. e3 Nf6 4. Bd3 Bg6 5. Bxg6 hxg6 6. Nbd2 e6 7. b3 Bd6 8.
Bb2 Nbd7 9. Qe2 c6 10. c4 b6 11. cxd5 cxd5 12. Rc1 Rc8 13. O-O Rxc1 14. Rxc1
Qb8 15. h3 O-O 16. Qa6 e5 17. Nxe5 Nxe5 18. dxe5 Bxe5 19. Bxe5 Qxe5 20. Nf3 Qe7
21. Nd4 Ne4 22. Nc6 Qf6 23. Rc2 Nc5 24. Qb5 Rc8 25. Nxa7 Rc7 26. Qe8+ Kh7 27.
Nb5 Re7 28. Qd8 Qa1+ 29. Kh2 Qe5+ 30. g3 Qe4 31. Nd4 g5 32. Qxb6 Nd3 33. Qb5
Ne1 34. f3 Nxf3+ 35. Nxf3 Qxc2+ 36. Kh1 Qd1+ 37. Kg2 Rxe3 38. Nxg5+ Kg6 39. Nf3
Qc2+ 40. Kh1 Rxf3 41. Qc6+ Qxc6 0-1

[Event "Quebec op U2000"]
[Site "Montreal CAN"]
[Date "2016.07.23"]
[Round "1.50"]
[White "Zhong, Wenxuan"]
[Black "Jacques, Simon"]
[Result "1-0"]
[WhiteElo "1821"]
[BlackElo "1625"]
[PlyCount "51"]
[EventDate "2016.07.23"]
[EventType "swiss"]
[EventRounds "8"]
[EventCountry "CAN"]

1. e4 e6 2. d4 d5 3. e5 c5 4. c3 Nc6 5. Nf3 Qb6 6. Bd3 cxd4 7. cxd4 Bb4+ 8. Nc3
Bd7 9. Bc2 Rc8 10. O-O Be7 11. a3 Bd8 12. Rb1 Nge7 13. Re1 h6 14. Be3 O-O 15.
Qd3 f5 16. exf6 Rxf6 17. Ne5 Be8 18. Qh7+ Kf8 19. Ng4 Bg6 20. Bxg6 Rxg6 21.
Nxh6 gxh6 22. Bxh6+ Ke8 23. Nxd5 Qxd4 24. Nf4 Ne5 25. Qh8+ Ng8 26. Nxg6 1-0

[Event "Quebec op U2000"]
[Site "Montreal CAN"]
[Date "2016.07.23"]
[Round "1.51"]
[White "Sharpe, Michael"]
[Black "Guipi Bopala, Prince Eric jr"]
[Result "0-1"]
[WhiteElo "1617"]
[BlackElo "1816"]
[PlyCount "72"]
[EventDate "2016.07.23"]
[EventType "swiss"]
[EventRounds "8"]
[EventCountry "CAN"]

1. c4 Nf6 2. Nc3 g6 3. Nf3 Bg7 4. d4 O-O 5. g3 d6 6. Bg2 Nbd7 7. O-O e5 8. e4
a5 9. d5 Nc5 10. Ne1 c6 11. Nd3 Nxd3 12. Qxd3 Qc7 13. b3 Rd8 14. f4 exf4 15.
Bxf4 Ng4 16. Bf3 Ne5 17. Qd2 Bh3 18. Rf2 Qb6 19. Be3 Qb4 20. Rc1 Bg4 21. Bg2
Rf8 22. Na4 Qxd2 23. Rxd2 Nf3+ 24. Bxf3 Bxf3 25. dxc6 bxc6 26. Rxd6 Bxe4 27.
Nc5 Bf3 28. Kf2 Be5 29. Rd2 Bg4 30. Nd7 Bxd7 31. Rxd7 Rfd8 32. Rcd1 Bf6 33. Bb6
Rxd7 34. Rxd7 Be5 35. Rd8+ Rxd8 36. Bxd8 Bc3 0-1

[Event "Quebec op U2000"]
[Site "Montreal CAN"]
[Date "2016.07.23"]
[Round "1.52"]
[White "Kay, Sang Kil"]
[Black "Gilbert, Erick"]
[Result "0-1"]
[WhiteElo "1574"]
[BlackElo "1803"]
[PlyCount "72"]
[EventDate "2016.07.23"]
[EventType "swiss"]
[EventRounds "8"]
[EventCountry "CAN"]

1. d4 g6 2. Bf4 Bg7 3. e3 c5 4. c3 cxd4 5. exd4 Nf6 6. h3 O-O 7. Nf3 d6 8. Nbd2
e5 9. dxe5 dxe5 10. Be3 Nc6 11. Be2 h6 12. Qa4 Bd7 13. Qh4 Nd5 14. Bg5 Bf6 15.
Bxf6 Qxf6 16. Qxh6 Qg7 17. Qh4 Nf4 18. Qg3 Ne7 19. Bc4 Nf5 20. Qg5 b5 21. Ne4
bxc4 22. Nf6+ Kh8 23. Nxd7 f6 24. Nxf6 Nd3+ 25. Kf1 Qxf6 26. Qd2 e4 27. g4 Ng3+
28. fxg3 Qxf3+ 29. Kg1 Qxg3+ 30. Qg2 Qe3+ 31. Kh2 Rf2 32. Rhf1 Rxg2+ 33. Kxg2
Nf4+ 34. Rxf4 Qxf4 35. Rf1 Qd2+ 36. Rf2 e3 0-1

[Event "Quebec op U2000"]
[Site "Montreal CAN"]
[Date "2016.07.24"]
[Round "2.1"]
[White "Mangahas, Ronald"]
[Black "Shah, Omar"]
[Result "1/2-1/2"]
[WhiteElo "1840"]
[BlackElo "1973"]
[PlyCount "52"]
[EventDate "2016.07.23"]
[EventType "swiss"]
[EventRounds "8"]
[EventCountry "CAN"]

1. e4 c5 2. Nf3 d6 3. d4 cxd4 4. Nxd4 Nf6 5. Nc3 a6 6. Bc4 e6 7. Bb3 Nbd7 8.
Bxe6 fxe6 9. Nxe6 Qa5 10. Bd2 Qb6 11. Be3 Nc5 12. Nxf8 Rxf8 13. O-O Qc6 14. Bd4
Bg4 15. f3 Bh5 16. Qd2 O-O-O 17. a4 Ne6 18. Bf2 g5 19. b4 Nf4 20. Ra3 Qc4 21.
b5 Bxf3 22. gxf3 Nh3+ 23. Kg2 Nh5 24. Nd5 N5f4+ 25. Nxf4 Nxf4+ 26. Kg1 Nh3+
1/2-1/2

[Event "Quebec op U2000"]
[Site "Montreal CAN"]
[Date "2016.07.24"]
[Round "2.2"]
[White "Joyal, Bruno"]
[Black "Brassard, Sylvain"]
[Result "0-1"]
[WhiteElo "1925"]
[BlackElo "1842"]
[PlyCount "84"]
[EventDate "2016.07.23"]
[EventType "swiss"]
[EventRounds "8"]
[EventCountry "CAN"]

1. Nf3 d5 2. d4 Nf6 3. c4 c6 4. Bf4 Bf5 5. e3 e6 6. Nbd2 Bd6 7. Bxd6 Qxd6 8. c5
Qc7 9. b4 Nbd7 10. Be2 O-O 11. O-O h6 12. Nh4 Ne4 13. Nxf5 exf5 14. Bd3 g6 15.
f3 Nxd2 16. Qxd2 Qd8 17. Qf2 Nf6 18. Qg3 Nh5 19. Qh3 Qf6 20. f4 Qg7 21. Bxf5
Nf6 22. Bc2 h5 23. Qf3 Rae8 24. Rae1 Ne4 25. Bxe4 Rxe4 26. Re2 f5 27. a4 Rfe8
28. Rfe1 Qe7 29. g3 Kg7 30. Kf2 a6 31. Ra2 Rxd4 32. Qe2 Rc4 33. Rd1 h4 34. Rd4
hxg3+ 35. hxg3 Rh8 36. Kf3 Rc1 37. Rc2 Rg1 38. Kf2 Rgh1 39. Kf3 g5 40. fxg5
Qxg5 41. b5 Rg1 42. Qf2 Rhh1 0-1

[Event "Quebec op U2000"]
[Site "Montreal CAN"]
[Date "2016.07.24"]
[Round "2.3"]
[White "Liu, Yu Qing"]
[Black "Perna-Fraser, David"]
[Result "1-0"]
[WhiteElo "1821"]
[BlackElo "1919"]
[PlyCount "85"]
[EventDate "2016.07.23"]
[EventType "swiss"]
[EventRounds "8"]
[EventCountry "CAN"]

1. e4 e5 2. Nf3 Nf6 3. Nxe5 d6 4. Nf3 Nxe4 5. Nc3 Nxc3 6. dxc3 Be7 7. Be3 O-O
8. Qd2 Nd7 9. O-O-O b6 10. Nd4 Bb7 11. Nf5 Bf6 12. Rg1 Nc5 13. f3 h6 14. Qf2
Bg5 15. h4 Bxe3+ 16. Qxe3 Re8 17. Qf2 Qf6 18. g4 Qe5 19. Bg2 Qf4+ 20. Kb1 Ne4
21. Qd4 f6 22. fxe4 Bxe4 23. Bxe4 Qxe4 24. Ng3 Qxd4 25. Rxd4 Re5 26. Re4 Rae8
27. Rge1 Kf7 28. Kc1 g6 29. Kd2 Rd5+ 30. Rd4 Rde5 31. Rxe5 dxe5 32. Rd7+ Re7
33. Rxe7+ Kxe7 34. Ke3 Ke6 35. Ke4 a5 36. h5 Kf7 37. a4 c6 38. c4 Kg7 39. c3
Kf7 40. b4 gxh5 41. gxh5 b5 42. bxa5 bxa4 43. a6 1-0

[Event "Quebec op U2000"]
[Site "Montreal CAN"]
[Date "2016.07.24"]
[Round "2.4"]
[White "Guipi Bopala, Prince Eric jr"]
[Black "Morin, Louis"]
[Result "1/2-1/2"]
[WhiteElo "1816"]
[BlackElo "1907"]
[PlyCount "82"]
[EventDate "2016.07.23"]
[EventType "swiss"]
[EventRounds "8"]
[EventCountry "CAN"]

1. d4 d5 2. c4 e6 3. Nc3 Nf6 4. cxd5 exd5 5. Bg5 Nbd7 6. e3 Be7 7. Bd3 O-O 8.
Qc2 Re8 9. Nf3 Nf8 10. O-O g6 11. Rfc1 Ne6 12. Bh4 Nh5 13. Bxe7 Rxe7 14. Rab1
Nf6 15. Ne5 Ng7 16. b4 Bf5 17. Bxf5 Nxf5 18. Qb3 c6 19. a4 a5 20. Nd3 axb4 21.
Qxb4 Nd6 22. Nc5 Qc7 23. h3 Kg7 24. Nb5 Nxb5 25. axb5 Qd6 26. bxc6 bxc6 27. Nd3
Qc7 28. Rxc6 Qxc6 29. Qxe7 Re8 30. Qc5 Qxc5 31. Nxc5 Ra8 32. Rb7 Ra1+ 33. Kh2
Ra2 34. Kg3 h6 35. Ne6+ Kg8 36. Rb8+ Kh7 37. Nc5 Kg7 38. Rb7 Rc2 39. Kf3 Rd2
40. Rb8 h5 41. Rb7 g5 1/2-1/2

[Event "Quebec op U2000"]
[Site "Montreal CAN"]
[Date "2016.07.24"]
[Round "2.5"]
[White "Messier, David"]
[Black "Cisse, Lamine"]
[Result "1-0"]
[WhiteElo "1719"]
[BlackElo "1898"]
[PlyCount "73"]
[EventDate "2016.07.23"]
[EventType "swiss"]
[EventRounds "8"]
[EventCountry "CAN"]

1. d4 d5 2. c4 c6 3. Nc3 e6 4. Nf3 f5 5. cxd5 cxd5 6. Bf4 Nc6 7. e3 Nf6 8. Be2
Bd6 9. O-O Bxf4 10. exf4 O-O 11. Rc1 Bd7 12. Re1 Ne4 13. Bb5 Rc8 14. Bxc6 Bxc6
15. Ne5 Rf6 16. b4 Rh6 17. g3 Nd6 18. Na4 Nc4 19. Nc5 b6 20. Nxc4 dxc4 21. b5
Ba8 22. Na4 Qd5 23. f3 Qxf3 24. Qxf3 Bxf3 25. Re3 Ba8 26. Rec3 Bd5 27. Nb2 Rf6
28. Nxc4 Rff8 29. a4 Rfd8 30. Ne5 Rxc3 31. Rxc3 Ra8 32. Kf2 g6 33. Ke3 a6 34.
a5 axb5 35. axb6 b4 36. Rc7 Rb8 37. Nd7 1-0

[Event "Quebec op U2000"]
[Site "Montreal CAN"]
[Date "2016.07.24"]
[Round "2.6"]
[White "De Lagrave, Sylvain"]
[Black "Zhong, Wenxuan"]
[Result "1-0"]
[WhiteElo "1895"]
[BlackElo "1821"]
[PlyCount "99"]
[EventDate "2016.07.23"]
[EventType "swiss"]
[EventRounds "8"]
[EventCountry "CAN"]

1. e4 c5 2. Nf3 Nc6 3. Bb5 g6 4. Bxc6 bxc6 5. d3 Bg7 6. O-O d6 7. Qe2 e5 8. h3
Ne7 9. Nbd2 O-O 10. b3 f5 11. Bb2 h6 12. Rfd1 g5 13. c3 Ba6 14. exf5 Rxf5 15.
Ne4 Nd5 16. Ng3 Rf7 17. Nh5 Nf4 18. Nxf4 Rxf4 19. Qe3 Qf8 20. d4 cxd4 21. cxd4
e4 22. Nd2 d5 23. Rac1 Qd6 24. Nb1 Bd3 25. Ba3 Qf6 26. Bc5 Bf8 27. Bxf8 Rxf8
28. Rd2 h5 29. Nc3 g4 30. hxg4 Rxg4 31. Na4 Qg6 32. Qh3 Rf3 33. Qh2 Bb5 34. Nc3
Ba6 35. Nd1 Qg5 36. Rdc2 Rh4 37. Qb8+ Rf8 38. Qd6 Be2 39. Ne3 Bd3 40. Rxc6 Rhf4
41. Qe6+ Kg7 42. Rc7+ Kh8 43. R1c6 R4f6 44. Qe7 R8f7 45. Qxf7 Rxf7 46. Rxf7 Kg8
47. Rxa7 Qd8 48. Nxd5 Bb5 49. Rc8 Qxc8 50. Ne7+ 1-0

[Event "Quebec op U2000"]
[Site "Montreal CAN"]
[Date "2016.07.24"]
[Round "2.7"]
[White "Filiatrault, Marc"]
[Black "Marcone, Malcom"]
[Result "0-1"]
[WhiteElo "1871"]
[BlackElo "1806"]
[PlyCount "86"]
[EventDate "2016.07.23"]
[EventType "swiss"]
[EventRounds "8"]
[EventCountry "CAN"]

1. e4 e6 2. d4 d5 3. Nc3 Bb4 4. e5 Ne7 5. a3 Bxc3+ 6. bxc3 c5 7. Qg4 Qc7 8.
Qxg7 Rg8 9. Qxh7 cxd4 10. Ne2 Nbc6 11. f4 dxc3 12. Qd3 d4 13. Ng3 f5 14. exf6
Nd5 15. Nh5 Qf7 16. Be2 Rxg2 17. Ng3 Rxe2+ 18. Nxe2 Qxf6 19. Rg1 Qh4+ 20. Qg3
Qh7 21. Kd1 Nde7 22. Rb1 e5 23. fxe5 Bf5 24. Rxb7 O-O-O 25. Rb5 d3 26. Nxc3
dxc2+ 27. Ke1 Rd3 28. Be3 c1=Q+ 29. Bxc1 Rxg3 30. hxg3 Qh2 31. Be3 Qc2 32. Rc5
Bg4 33. Rc4 Qb3 34. Rc5 Kd7 35. a4 Nxe5 36. Kf1 Bh3+ 37. Ke2 Qc2+ 38. Bd2 Bg4+
39. Ke3 Qd3+ 40. Kf4 N7g6+ 41. Kg5 Qf5+ 42. Kh6 Qh5+ 43. Kg7 Qh8# 0-1

[Event "Quebec op U2000"]
[Site "Montreal CAN"]
[Date "2016.07.24"]
[Round "2.8"]
[White "Pare, Marc"]
[Black "Blanchet, Robert"]
[Result "1-0"]
[WhiteElo "1867"]
[BlackElo "1767"]
[PlyCount "63"]
[EventDate "2016.07.23"]
[EventType "swiss"]
[EventRounds "8"]
[EventCountry "CAN"]

1. e4 c5 2. c3 e6 3. d4 cxd4 4. cxd4 Nf6 5. Nc3 Bb4 6. Bd3 Bxc3+ 7. bxc3 Qc7 8.
Ne2 b6 9. O-O Bb7 10. f3 d6 11. Ba3 Nbd7 12. Rc1 O-O 13. Ng3 Rfd8 14. Qe2 Rac8
15. f4 a6 16. e5 Ne8 17. f5 Nf8 18. fxe6 Nxe6 19. Nf5 b5 20. exd6 Nxd6 21. Nxd6
Rxd6 22. Bxd6 Qxd6 23. Bxh7+ Kxh7 24. Qh5+ Kg8 25. Qxf7+ Kh8 26. Qxb7 Rxc3 27.
Qa8+ Nd8 28. Rxc3 Qxd4+ 29. Kh1 Qxc3 30. Qxd8+ Kh7 31. Qh4+ Kg8 32. h3 1-0

[Event "Quebec op U2000"]
[Site "Montreal CAN"]
[Date "2016.07.24"]
[Round "2.9"]
[White "Ivakhin, Mikhail"]
[Black "Molloy, Francis"]
[Result "1-0"]
[WhiteElo "1853"]
[BlackElo "1527"]
[PlyCount "47"]
[EventDate "2016.07.23"]
[EventType "swiss"]
[EventRounds "8"]
[EventCountry "CAN"]

1. e4 c5 2. f4 d5 3. e5 e6 4. Nf3 g6 5. d3 Bg7 6. Be2 Ne7 7. c3 Nbc6 8. O-O O-O
9. Na3 a6 10. Nc2 f6 11. d4 cxd4 12. cxd4 Bd7 13. b3 Nf5 14. g4 Nfe7 15. Ba3
Na7 16. Qd2 Bb5 17. Bb4 Bxe2 18. Qxe2 Nac6 19. Bd6 Re8 20. Bc5 b6 21. exf6 bxc5
22. f7+ Kxf7 23. Ng5+ Kg8 24. Qxe6+ 1-0

[Event "Quebec op U2000"]
[Site "Montreal CAN"]
[Date "2016.07.24"]
[Round "2.10"]
[White "O'Neill, Brendon"]
[Black "Langlois-Remillard, Alexis"]
[Result "1-0"]
[WhiteElo "1699"]
[BlackElo "1850"]
[PlyCount "61"]
[EventDate "2016.07.23"]
[EventType "swiss"]
[EventRounds "8"]
[EventCountry "CAN"]

1. e4 e6 2. d4 d5 3. Nd2 Nf6 4. e5 Nfd7 5. Bd3 c5 6. c3 Nc6 7. Ne2 f6 8. f4
fxe5 9. fxe5 cxd4 10. cxd4 Nxd4 11. Nxd4 Qh4+ 12. g3 Qxd4 13. Nf3 Bb4+ 14. Kf1
Qg4 15. Kg2 Nc5 16. Be2 Ba5 17. Ng5 Qb4 18. Rf1 Ne4 19. a3 Qc5 20. Nxe4 dxe4
21. b4 Bxb4 22. axb4 Qxb4 23. Ba3 Qb6 24. Rb1 Qc7 25. Bb5+ Bd7 26. Qb3 Qb6 27.
Qb4 O-O-O 28. Bxd7+ Rxd7 29. Qxb6 axb6 30. Bd6 h5 31. Ra1 1-0

[Event "Quebec op U2000"]
[Site "Montreal CAN"]
[Date "2016.07.24"]
[Round "2.11"]
[White "Levasseur, Sylvain"]
[Black "Gauthier, Luc"]
[Result "1-0"]
[WhiteElo "1629"]
[BlackElo "1775"]
[PlyCount "79"]
[EventDate "2016.07.23"]
[EventType "swiss"]
[EventRounds "8"]
[EventCountry "CAN"]

1. e4 Nf6 2. e5 Nd5 3. d4 d6 4. Nf3 Bg4 5. Be2 c6 6. exd6 exd6 7. O-O Be7 8. c3
O-O 9. Na3 Nd7 10. Nc4 N7f6 11. Ne3 Re8 12. Nxg4 Nxg4 13. h3 Ngf6 14. Bd3 h6
15. Re1 Qc7 16. Bd2 Nd7 17. Qc2 Bf6 18. Nh2 h5 19. Nf3 Nf8 20. Bc4 Nb6 21. Bd3
Ne6 22. Re2 Kf8 23. Rae1 Nd5 24. Re4 Qd7 25. Bc1 g6 26. h4 Bg7 27. g3 Nf6 28.
R4e2 Ng4 29. Bxg6 fxg6 30. Qxg6 Qf7 31. Rxe6 Rxe6 32. Qxf7+ Kxf7 33. Ng5+ Kg8
34. Rxe6 d5 35. Bf4 Nf6 36. Re7 b5 37. Ne6 Ne8 38. Nxg7 Nxg7 39. Rc7 Ne6 40.
Rxc6 1-0

[Event "Quebec op U2000"]
[Site "Montreal CAN"]
[Date "2016.07.24"]
[Round "2.12"]
[White "Germain, Michel"]
[Black "Parenteau, Francois"]
[Result "1-0"]
[WhiteElo "1916"]
[BlackElo "1696"]
[PlyCount "47"]
[EventDate "2016.07.23"]
[EventType "swiss"]
[EventRounds "8"]
[EventCountry "CAN"]

1. d4 Nf6 2. Nf3 e6 3. e3 c5 4. Bd3 b6 5. O-O Bb7 6. Nbd2 Be7 7. b3 cxd4 8.
exd4 O-O 9. Bb2 d6 10. c4 Nbd7 11. Re1 Re8 12. Rc1 Nf8 13. Bb1 Ng6 14. Nf1 Rc8
15. Ne3 Qc7 16. h3 Qb8 17. Nh2 Qa8 18. Nhg4 Nf4 19. Nxf6+ Bxf6 20. Qg4 Ng6 21.
f4 d5 22. f5 Nf8 23. fxe6 Nxe6 24. Qf5 1-0